| 000 | 00929cam a2200229 4500 | ||
|---|---|---|---|
| 001 | ABS68376 | ||
| 008 | 041014n2004 000 0 eng u | ||
| 035 | _a(Sirsi) u127706 | ||
| 100 | _aWoolf, G. | ||
| 245 | _aSecurity on the benefit of a prelet | ||
| 260 | _c2004 | ||
| 490 |
_aEstates Gazette _v(0441) 9 October 2004, 150(1) |
||
| 520 | _aConsiders issues for lenders where they need to enforce an assigned obligation on a tenant. Where an interest in any property is charged, the whole of the landlord's interest as charger does not pass to the lender. The landlord's interest in the property continues and he always has the right to have it back once the lender discharges its charge. | ||
| 590 | _aABS | ||
| 590 | _aABS | ||
| 650 | _aLANDLORD AND TENANT (COVENANTS) ACT 1995 | ||
| 650 | _aSECURITY | ||
| 650 | _aCHARGE ON PROPERTY | ||
| 650 | _aASSIGNMENT | ||
| 690 | _aPROPERTY AND LAND LAW | ||
| 942 | _n0 | ||
| 999 |
_c118164 _d118164 |
||